000 00237nam a2200109 a 4500
005 20140414093832.0
008 970110s19uu xx 00 eng d
050 _aVHS 900
_bOR 10
245 _aOxford.
942 _cAVM
999 _c108776
_d108776